فنون العصور الوسطى : (Record no. 18724)
[ view plain ]
| 000 -الفاتح | |
|---|---|
| حقل البيانات ثابتة الطول | 01226nam a22002777a 4500 |
| 003 - محدد رقم الضبط | |
| رقم الضبط | EG-ScBUE |
| 005 - وقت وتاريخ اخر تعامل مع التسجيلة | |
| رقم الضبط | 20221009115041.0 |
| 008 - عناصر البيانات ثابتة الطول - معلومات عامة | |
| حقل البيانات ثابتة الطول | 141204s2013 ua fo f b 001 0 ara d |
| 017 ## - رقم الإيداع القانونى | |
| رقم الإيداع القانونى | 2013 / 1687 |
| 020 ## - الرقم الدولى المعيارى للكتب | |
| الرقم الدولى المعيارى للكتاب | 9789774481697 |
| 040 ## - مصدر الفهرسة | |
| وكالة الفهرسة الأصلية | EG-ScBUE |
| لغة الفهرسة | ara |
| قواعد الوصف | rda |
| وكالة النسخ | EG-ScBUE |
| وكالة التعديل | EG-ScBUE |
| 082 04 - رقم تصنيف ديوى العشرى | |
| رقم الطبعة | 22 |
| رقم المادة | ع ك ا |
| رقم التصنيف | 709.02 |
| 100 1# - المدخل الرئيسى - إسم شخصى | |
| الإسم الشخصى | عكاشة، ثروت محمود، |
| التواريخ المصاحبة للاسم | 1921-2012، |
| الدور | مؤلف. |
| 9 (RLIN) | 36810 |
| 245 10 - بيان العنوان | |
| العنوان | فنون العصور الوسطى : |
| بقية العنوان | دراسة. |
| رقم الجزء/قسم العمل | الجزء الثاني عشر / |
| بيان المسئوليه,etc | د. ثروت عكاشة. |
| 250 ## - بيان الطبعة | |
| بيان الطبعة | الطبعة الثانية. |
| 264 #1 - النشر، التوزيع | |
| مكان الناشر او الموزع | القاهرة : |
| اسم الناشر او الموزع | الهيئة المصرية العامة للكتاب، |
| تاريخ النشر أو التوزيع | 2013. |
| 300 ## - الوصف المادى | |
| التعداد | 310 صفحة : |
| تفاصيل ماديه اخرى للوعاء | صور، لوحات ؛ |
| أبعاد الوعاء | 28 سم. |
| 490 0# - بيان السلسلة | |
| عنوان السلسلة | موسوعة تاريخ الفن. |
| -- | العين تسمع والأذن ترى |
| 504 ## - تبصرة ببليوجرافية | |
| تبصرة ببليوجرافية,الخ | يشتمل على إرجاعات ببليوجرافية وكشافات. |
| 590 ## - تبصرة محلية(RLIN) | |
| تبصرة محلية | المكتبة يتوافر بها : ج. 12. |
| 650 #7 - المدخل الاضافى بالموضوع-مصطلح موضوعى | |
| مصطلح موضوعي أو اسم جغرافي كعنصر مدخل | العمارة |
| التقسيم الفرعي العام | تاريخ |
| التقسيم الفرعي الزمني | العصور الوسطى. |
| مصدر الرأس أو المصطلح | BUEsh |
| 9 (RLIN) | 36812 |
| 653 ## - مصطلح تكشيفى غير مقيد | |
| Resource For college | Arabic Literature |
| Arrived date list | December2014 |
| 655 ## - مصطلح تكشيفى-نوع/شكل | |
| التقسيم الفرعي الشكلي | Reading book |
| 830 #0 - المدخل الاضافى بالسلسلة -عنوان موحد | |
| عنوان موحد | موسوعة تاريخ الفن. |
| اسم جزء/قسم العمل | العين تسمع و الأذن ترى |
| 942 ## - عناصر المدخل الإضافي( كوها) | |
| مصدر التصنيف او مخطط الترفيف | Dewey Decimal Classification |
| حالة التراجع | حالة الفقد | مصدر التصنيف او خطة الترفيف | حالة تلف | ليس للاعارة | مجموعات كوها | المكان الدائم | المكان الحالي | موقع الترفيف | تاريخ الاكتساب | Source of acquisition | سعر الشراء الطبيعي | رقم الاستدعاء | الباركود | Date last seen | التكلفة | نوع الوعاء |
|---|---|---|---|---|---|---|---|---|---|---|---|---|---|---|---|---|
| Dewey Decimal Classification | Baccah | Central Library | Central Library | Second Floor | 04/12/2014 | 100.00 | 709.02 ع ك ا NB | 000037116 | 15/07/2025 | 125.00 | NB - Book (Non borrowing) |